000 00893cam a2200277 4500
001 J89021
008 090401t1997 xxu||||| |||| 00| 0 eng d
035 _a(Sirsi) u83424
041 _aeng
050 _a692.209436
110 _aInstitute of Building Control
_93341
245 _aReview of European building regulations and technical provisions: Austria.
250 _aRev. ed.
260 _aEpsom, Surrey
_bInstitute of Building Control
_c1997
300 _av,28p. ; 30cm.
350 _a25
520 _aCover title. Review undertaken by the Institute of Building Control on behalf of DETR
650 _aAUSTRIA
650 _aBUILDING CONTROL
_96222
650 _aBUILDING REGULATIONS
_96224
650 _aDEPARTMENT OF THE ENVIRONMENT, TRANSPORT AND THE REGIONS
650 _aEUROPE
690 _aBUILDING AND CONSTRUCTION-REGULATIONS
942 _n0
948 _c29/01/1998
999 _c96895
_d96895